Los fantasmas del Titanic : [versión completa] = Ghosts of the Abyss : [Full Version] /

Documental producido originalmente en 3D para proyección en IMAX, con una duración aproximada de 45 minutos, que posteriormente fuera lanzado para pantallas 2D, con el doble de duración; el presente DVD contiene ambas versiones. Con tecnología de punta y un acreditado grupo de científicos y explorad...

Mô tả đầy đủ

Đã lưu trong:
Chi tiết về thư mục
Tác giả chính: Cameron, James (realización)
Tác giả khác: Paxton, Bill (conducción) (conducción)
Định dạng: Slide
Ngôn ngữ:Tiếng Anh
Những chủ đề:
Các nhãn: Thêm thẻ
Không có thẻ, Là người đầu tiên thẻ bản ghi này!

MARC

LEADER 00000ngm^a2200000^a^4500
001 000311590
005 20250521000000.0
009 20260310113049.554
037 |a Acervo ITESO - Biblioteca 
041 |a ING 
082 |a 623. 82432  |b CAM 
100 |a Cameron, James  |e (realización) 
245 1 4 |a Los fantasmas del Titanic :  |b [versión completa] = Ghosts of the Abyss : [Full Version] /  |c Realización de J. Cameron. 
264 2 |a México :  |b Zima Entertainment [distribución],  |c copyright fecha no identificada 
300 |a 1 DVD regiones 1 y 4  |c (46, 92 min.) 
336 |a imagen móvil bidimensional  |b tdi  |2 rdacontenido 
337 |a video  |b v  |2 rdamedio 
338 |a videodisco  |b vd  |2 rdasoporte 
520 |a Documental producido originalmente en 3D para proyección en IMAX, con una duración aproximada de 45 minutos, que posteriormente fuera lanzado para pantallas 2D, con el doble de duración; el presente DVD contiene ambas versiones. Con tecnología de punta y un acreditado grupo de científicos y exploradores marinos, el director de la afamada cinta Titanic, regresa al sitio donde se encuentran los restos del trasatlántico para recorrerlos y filmarlos de la manera más detallada posible; cuando es necesario, se reconstruyen las imágenes con ayuda de la computadora, para mostrar cómo era este desafortunado y famoso barco. 
546 |a En inglés, con subtítulos opcionales: español 
546 |a Doblaje opcional: español 
649 |a XX 
650 |a Salvamento Marino 
650 |a Accidentes Marinos -  |z Inglaterra -  |x Historia -  |y 1910-1919 
650 |a Naufragios -  |z Inglaterra -  |x Historia -  |y 1910-1919 -  |x Tema Principal 
650 |a Barcos de Vapor -  |x Tema Principal 
650 |a Navegación -  |z Inglaterra -  |x Historia -  |y 1910-1919 
650 |a Viajes Marítimos 
650 |a Viajes y Travesías 
650 |a Exploración Submarina -  |x Tema Principal 
650 |a Documentales 
650 |a Cine Norteamericano -  |y 2000-2009 
650 |a Cine Norteamericano -  |y Siglo XXI 
740 4 |a Los fantasmas del Titanic :  |b [versión estrenada en IMAX] = Ghosts of the Abyss : [IMAX Version] /  |c Realización de J. Cameron. 
700 |a Paxton, Bill  |e (conducción) 
910 |a Fondo General 
920 |a Audiovisuales - DVDs 
940 |a Películas 
905 |a 302 
901 |a 0500183687  |b IT2  |c DVS  |i C117203  |u 20250521 
902 |a https://opac.biblio.iteso.mx/vufind/Record/000311590